00842nam a2200217 i 4500003000900000005001700009007000300026008004100029040003000070041000800100082003500108110003900143245008300182264007000265300008400335336002700419337003300446338002800479490004600507610007100553DO-SdBNP20260512132210.0ta221118t2022 dr ahodgrt||| 001 e spa d aDO-SdBNPbspacBNPHUerda aspa 4a972.93006bA168m 2019-20222222 aAcademia Dominicana de la Historia10aMemoria de la Junta Directiva 2019-2020 /cAcademia Dominicana de la Historia 4aSanto Domingo, República Dominicana :bEditora Búho,c©2022. a672 páginas :bilustraciones, facsímil., fotografía, gráfica ;c23 cm. atextobtxt2rdacontent asin mediaciónbn2rdamedia avolumenbnc2rdacarrier0 aAcademia Dominicana de la Historia ;v165 7aAcademia Dominicana de la HistoriaxInformesy2019-20222LIBRUNAM